Material Science (Record no. 27605)

MARC details
000 -LEADER
fixed length control field 00328nam a22001457a 4500
003 - CONTROL NUMBER IDENTIFIER
control field OSt
005 - DATE AND TIME OF LATEST TRANSACTION
control field 20220124110040.0
008 - FIXED-LENGTH DATA ELEMENTS--GENERAL INFORMATION
fixed length control field 220124b |||||||| |||| 00| 0 eng d
020 ## - INTERNATIONAL STANDARD BOOK NUMBER
International Standard Book Number 8174090355
040 ## - CATALOGING SOURCE
Transcribing agency HU
082 ## - DEWEY DECIMAL CLASSIFICATION NUMBER
Edition number 2ed
Classification number 620.11
100 ## - MAIN ENTRY--PERSONAL NAME
Personal name Mubeen &Mubeen
9 (RLIN) 28420
245 ## - TITLE STATEMENT
Title Material Science
942 ## - ADDED ENTRY ELEMENTS (KOHA)
Source of classification or shelving scheme Dewey Decimal Classification
Koha item type Books like text book referance book
Suppress in OPAC No
Holdings
Withdrawn status Lost status Source of classification or shelving scheme Damaged status Not for loan Home library Current library Shelving location Date acquired Total Checkouts Full call number Barcode Date last seen Copy number Price effective from Koha item type
    Dewey Decimal Classification     IoT Library IoT Library General Stacks 01/24/2022   620.11-MUB-2012 IOTL0006389 01/24/2022 1 01/24/2022 Books like text book referance book
    Dewey Decimal Classification     IoT Library IoT Library General Stacks 01/24/2022   620.11-MUB-2012 IOTL0006390 01/24/2022 2 01/24/2022 Books like text book referance book
    Dewey Decimal Classification     IoT Library IoT Library General Stacks 01/24/2022   620.11-MUB-2012 IOTL0006391 01/24/2022 3 01/24/2022 Books like text book referance book
    Dewey Decimal Classification     IoT Library IoT Library General Stacks 01/24/2022   620.11-MUB-2012 IOTL0006392 01/24/2022 4 01/24/2022 Books like text book referance book
    Dewey Decimal Classification     IoT Library IoT Library General Stacks 01/24/2022   620.11-MUB-2012 IOTL0006393 01/24/2022 5 01/24/2022 Books like text book referance book
    Dewey Decimal Classification     IoT Library IoT Library General Stacks 01/24/2022   620.11-MUB-2012 IOTL0006394 01/24/2022 6 01/24/2022 Books like text book referance book